000 00684nam a2200265Ia 4500
005 20260121165425.0
008 008 260114s9999 xx 000 0 eng d
020 _a9783319484426
037 _aEBOOK
040 _aCRL
040 _beng
040 _cCRL
041 _2eng
041 _aeng
084 _qCRL
100 _aPeter Gahan
_91051525
245 0 _aBernard Shaw and Beatrice Webb on Poverty and Equality in the Modern World, 1905–1914
260 _bSpringer
260 _bSpringer
260 _c2017
856 _uhttps://link.springer.com/openurl?genre=book&isbn=978-3-319-48442-6
942 _cEBOOK
999 _c1617250
_d1617250